Statystyki dla Królowie Polski

Kliknij tutaj aby rozwiązać quiz!

Ogólne statystyki

  • Ten quiz został rozwiązany 152 razy
  • Średni wynik to 3 z 9

Statystyki odpowiedzi

DatyKrólowie Polski% Poprawnych
992–1025Chrobry
70%
1333–1370Kazimierz Wielki
65%
1320–1333Łokietek
41%
1025–1031Mieszko 2
40%
1295–1296Przemysł 2
17%
1370–1382Ludwik Węgierski
15%
1058–1079Szczodry
14%
1291–1305Wacław 2
14%
1384–1399Andegaweńska
1%

Rozkład punktacji

Percentyl według liczby udzielonych odpowiedzi

Procent ludzi z każdym wynikiem

Twoja historia wyników

Nie rozwiązałeś tego quizu